Human embryology / (Record no. 4495)

000 -LEADER
fixed length control field 00766cam a2200241 a 4500
003 - CONTROL NUMBER IDENTIFIER
control field OSt
005 - DATE AND TIME OF LATEST TRANSACTION
control field 20220323125957.0
008 - FIXED-LENGTH DATA ELEMENTS--GENERAL INFORMATION
fixed length control field 860520s1985 enka b 001 0 eng
020 ## - INTERNATIONAL STANDARD BOOK NUMBER
International Standard Book Number 063201041X (pbk.)
040 ## - CATALOGING SOURCE
Transcribing agency ALUPE UNIVERSITY
050 00 - LIBRARY OF CONGRESS CALL NUMBER
Classification number QM601
Item number .B35 1985
100 1# - MAIN ENTRY--PERSONAL NAME
Personal name Beck, F.
245 10 - TITLE STATEMENT
Title Human embryology /
Statement of responsibility, etc. F. Beck, D.B. Moffat, D.P. Davies.
250 ## - EDITION STATEMENT
Edition statement 2nd ed.
260 ## - PUBLICATION, DISTRIBUTION, ETC.
Place of publication, distribution, etc. Oxford ;
-- Boston :
Name of publisher, distributor, etc. Blackwell ;
Place of publication, distribution, etc. St. Louis, Mo. :
Name of publisher, distributor, etc. Distributor, Blackwell Mosby,
Date of publication, distribution, etc. 1985.
300 ## - PHYSICAL DESCRIPTION
Extent xi, 372 p. :
Other physical details ill. ;
Dimensions 25 cm.
504 ## - BIBLIOGRAPHY, ETC. NOTE
Bibliography, etc. note Includes bibliographies and index.
650 #0 - SUBJECT ADDED ENTRY--TOPICAL TERM
Topical term or geographic name entry element Embryology, Human.
700 1# - ADDED ENTRY--PERSONAL NAME
Personal name Moffat, D. B.
Fuller form of name (David Burns)
700 1# - ADDED ENTRY--PERSONAL NAME
Personal name Davies, D. P.
906 ## - LOCAL DATA ELEMENT F, LDF (RLIN)
a 7
b cbc
c orignew
d 3
e ncip
f 19
g y-gencatlg
942 ## - ADDED ENTRY ELEMENTS (KOHA)
Source of classification or shelving scheme
Koha item type Book
Suppress in OPAC JO
Holdings
Withdrawn status Lost status Source of classification or shelving scheme Damaged status Not for loan Permanent Location Current Location Shelving location Date acquired Source of acquisition Total Checkouts Full call number Barcode Date last seen Price effective from Koha item type Public note
          AU LIBRARY AU LIBRARY Open Shelf 23.03.2022 DONATION FROM MOI UNIVERSITY   QM601 .B35 1985 28006724 23.03.2022 23.03.2022 Book JO

Powered by Koha